000 00609nam a2200217 a 4500
001 BRL_590
005 20190320210819.0
008 060913s1958----gw-#######---#000-0#ger-#
041 _ager
044 _agw
050 4 _aPT743
_b.U79 1958
100 1 _aUrzidil, Johannes
_924374
245 1 0 _aDie verlorene Geliebte
_bBegenungen in golden Prag
_cJohannes Urzidil.
260 _aAlemania
_bHerder-Bücherei
_c1958
300 _a205 p.
_c18 cm.
500 _aAu682
500 _aPortada ligeramente desprendida en la parte superior.
650 1 4 _aNovela romántica
_924375
902 _aGRL
942 _2lcc
_cB
999 _c9402
_d9402